Statistics for World Cities 1,000 km away from Larger Non-Capital City

Click here to take the quiz!

General Stats

  • This quiz has been taken 30 times
  • The average score is 54 of 82

Answers on the Map

Answers color-coded by a green-red scale on the quiz's map according to % correct below.
 

Answer Stats

IDD2LNC (km)City% Correct
CP731,102Alexandria
100%
CP371,158Chicago
100%
CP1---Guangzhou
100%
CP233,938Istanbul
100%
CP211,655Kolkata
100%
CP173,943Los Angeles
100%
CP681,553Miami
100%
CP84,216Mumbai
100%
CP1012,557New York
100%
CP181,366Osaka
100%
CP2722,729Perth
100%
CP781,722Saint Petersburg
100%
CP117,661São Paulo
100%
CP41,201Shanghai
100%
CP895,380Sydney
100%
CP3492,161Auckland
96%
CP1071,222Casablanca
96%
CP991,181Dubai
96%
CP1081,092Seattle
96%
CP772,038The Ruhr
96%
CP611,282Dallas
92%
CP714,245Dar es Salaam
92%
CP1502,696Durban
92%
CP851,293Guadalajara
92%
CP5633,852Honolulu
92%
CP1001,415Jeddah
92%
CP166,366Lagos
92%
CP291,034Lahore
92%
20778951,284Alice Springs
88%
CP451,539Ho Chi Minh City
88%
CP2471,294Manaus
88%
CP1242,215Medellín
88%
CP1281,630Recife
88%
CP791,037Yangon
88%
58794002,134Anchorage
83%
CP3351,251Córdoba
83%
CP1701,056Guayaquil
83%
CP1231,786Ürümqi
83%
CP2311,129Belém
79%
CP401,240Chengdu
79%
CP3251,291Novosibirsk
79%
CP2731,485Santa Cruz
75%
CP1991,416Cebu
71%
CP1681,290Mashhad
71%
CP2661,040San Juan
71%
CP3371,018Yekaterinburg
71%
CP2631,402Lubumbashi
67%
CP1391,192Medan
63%
34213191,437Nuuk
63%
CP691,963Bandung
58%
21395211,456Nouméa
58%
CP4771,150San Pedro Sula
54%
21461421,107Townsville
54%
21221041,512Petropavlovsk-Kamchatsky
50%
20131591,353Yakutsk
50%
CP5211,006Pointe-Noire
46%
33707262,429Edinburgh of the Seven Seas
42%
40345613,493Faaa
42%
20826001,399Jayapura
42%
21272021,492Anadyr
38%
40307543,535Hanga Roa
38%
78287582,039Saipan
38%
34264661,456Grytviken
33%
15461023,345Port-aux-Français
33%
24113971,296Georgetown
29%
66964803,482McMurdo Station
29%
14973371,082Norilsk
29%
20630421,021Port Hedland
29%
40357151,139Avarua
25%
36527641,054Puerto Ayora
21%
35730611,083Saint George's
21%
20811141,016Weno
21%
40201091,400Atuona
17%
40305561,536Rikitea
17%
75219021,895Tabwakea
17%
73044672,139Ebeye
13%
13376111,029Fuvahmulah
13%
33709361,918Half Tree Hollow
13%
58815761,092Pago Pago
13%
10533841,012Toamasina
13%
CP5681,672Touba
13%
22045061,261Lautoka
4%

Score Distribution

Percentile by Number Answered

Percent of People with Each Score

Your Score History

You have not taken this quiz